| 000 -LEADER |
| fixed length control field |
02225nam a2200373 i 4500 |
| 001 - CONTROL NUMBER |
| control field |
on1421925256 |
| 003 - CONTROL NUMBER IDENTIFIER |
| control field |
OCoLC |
| 005 - DATE AND TIME OF LATEST TRANSACTION |
| control field |
20250909105110.0 |
| 008 - FIXED-LENGTH DATA ELEMENTS--GENERAL INFORMATION |
| fixed length control field |
250502s2025 nyuab j 000 1 eng d |
| 020 ## - INTERNATIONAL STANDARD BOOK NUMBER |
| International Standard Book Number |
9781800785526 |
| 040 ## - CATALOGING SOURCE |
| Original cataloging agency |
YDX |
| Language of cataloging |
eng |
| Transcribing agency |
YDX |
| Modifying agency |
OCLCO |
| -- |
BDX |
| -- |
IG# |
| -- |
OCLCO |
| -- |
ORX |
| -- |
HBP |
| -- |
OCLCO |
| -- |
CCPLG |
| -- |
SDD |
| -- |
SO$ |
| -- |
AZH |
| -- |
IK2 |
| -- |
RB0 |
| -- |
VP@ |
| -- |
CaOL |
| -- |
KH8 |
| 082 ## - DEWEY DECIMAL CLASSIFICATION NUMBER |
| Classification number |
FIC CLA |
| 100 1# - MAIN ENTRY--PERSONAL NAME |
| Personal name |
Clayton, Dhonielle, |
| Relator term |
author. |
| 245 14 - TITLE STATEMENT |
| Title |
The deadly fates / |
| Statement of responsibility, etc. |
Dhonielle Clayton. |
| 250 ## - EDITION STATEMENT |
| Edition statement |
First edition. |
| 264 #1 - PRODUCTION, PUBLICATION, DISTRIBUTION, MANUFACTURE, AND COPYRIGHT NOTICE |
| Place of production, publication, distribution, manufacture |
New York : |
| Name of producer, publisher, distributor, manufacturer |
Henry Holt and Company, |
| Date of production, publication, distribution, manufacture, or copyright notice |
2025. |
| 264 #4 - PRODUCTION, PUBLICATION, DISTRIBUTION, MANUFACTURE, AND COPYRIGHT NOTICE |
| Date of production, publication, distribution, manufacture, or copyright notice |
©2025. |
| 300 ## - PHYSICAL DESCRIPTION |
| Extent |
396 pages : |
| Other physical details |
illustrations, map ; |
| Dimensions |
22 cm. |
| 336 ## - CONTENT TYPE |
| Content type term |
text |
| Content type code |
txt |
| Source |
rdacontent. |
| 337 ## - MEDIA TYPE |
| Media type term |
unmediated |
| Media type code |
n |
| Source |
rdamedia. |
| 338 ## - CARRIER TYPE |
| Carrier type term |
volume |
| Carrier type code |
nc |
| Source |
rdacarrier. |
| 490 1# - SERIES STATEMENT |
| Series statement |
Conjureverse ; |
| Volume/sequential designation |
3. |
| 500 ## - GENERAL NOTE |
| General note |
Map on endpaper. |
| 520 ## - SUMMARY, ETC. |
| Summary, etc. |
After saving the world from the diabolical Ace of Anarchy, Ella, Brigit, and Jason return for year three at the Arcanum Training Institute. But the heroes' return is far from welcoming. Ella's big reveal last year threw everything into chaos, unearthing long-buried secrets and unwinding a twisted trail of deceit. As tensions rise between Marvellers and Conjurors, Ella realizes that the only way to end the chaos is to unveil the truth about what happened to the Conjure architect once and for all. To do that, she'll have to enlist the help of the living and the dead. As they plunge deeper into the truth, the search leads them to the Underworld and the Cards of Deadly Fate--an impenetrable prison for supervillains. But before Ella can figure out how it's all connected, the tension between magical worlds boil over, threatening everyone around her. Will Ella and her friends uncover the truth about the missing architect before their worlds collide? |
| 650 #0 - SUBJECT ADDED ENTRY--TOPICAL TERM |
| Topical term or geographic name entry element |
Boarding schools |
| Form subdivision |
Juvenile fiction. |
| 650 #0 - SUBJECT ADDED ENTRY--TOPICAL TERM |
| Topical term or geographic name entry element |
Missing persons |
| General subdivision |
Investigation |
| Form subdivision |
Juvenile fiction. |
| 650 #0 - SUBJECT ADDED ENTRY--TOPICAL TERM |
| Topical term or geographic name entry element |
Truthfulness and falsehood |
| Form subdivision |
Juvenile fiction. |
| 650 #0 - SUBJECT ADDED ENTRY--TOPICAL TERM |
| Topical term or geographic name entry element |
Voyages to the otherworld |
| Form subdivision |
Juvenile fiction. |
| 650 #0 - SUBJECT ADDED ENTRY--TOPICAL TERM |
| Topical term or geographic name entry element |
Prisons |
| Form subdivision |
Juvenile fiction. |
| 650 #0 - SUBJECT ADDED ENTRY--TOPICAL TERM |
| Topical term or geographic name entry element |
Supervillains |
| Form subdivision |
Juvenile fiction. |
| 650 #7 - SUBJECT ADDED ENTRY--TOPICAL TERM |
| Topical term or geographic name entry element |
Fantasy fiction. |
| Source of heading or term |
lcgft |
| -- |
genre. |
| 830 #0 - SERIES ADDED ENTRY--UNIFORM TITLE |
| Uniform title |
Conjureverse ; |
| Volume/sequential designation |
3. |
| 942 ## - ADDED ENTRY ELEMENTS (KOHA) |
| Source of classification or shelving scheme |
|
| Koha item type |
Books - Fiction |